THE LITTLE PRINCE / (Record no. 184903)

MARC details
000 -LEADER
fixed length control field 01617nam a2200385 i 4500
003 - CONTROL NUMBER IDENTIFIER
control field OSt
005 - DATE AND TIME OF LATEST TRANSACTION
control field 20210929152235.0
008 - FIXED-LENGTH DATA ELEMENTS--GENERAL INFORMATION
fixed length control field 210912t20202020enka|||jr|||| 000 0 eng d
020 ## - INTERNATIONAL STANDARD BOOK NUMBER
International Standard Book Number 9780241463277
Terms of availability RM 29.95
Qualifying information paperback
040 ## - CATALOGING SOURCE
Original cataloging agency PPAK
Language of cataloging eng
Transcribing agency PPAK
Description conventions rda
082 04 - DEWEY DECIMAL CLASSIFICATION NUMBER
Classification number 843.912
Edition number 23
090 ## - LOCALLY ASSIGNED LC-TYPE CALL NUMBER (OCLC); LOCAL CALL NUMBER (RLIN)
Classification number (OCLC) (R) ; Classification number, CALL (RLIN) (NR) 843.912
Feature heading SAI
Feature heading K
100 1# - MAIN ENTRY--PERSONAL NAME
Personal name Saint-Exupéry, Antoine de,
Dates associated with a name 1900-1944
Relator term author.
240 ## - UNIFORM TITLE
Uniform title Le Petit Prince
Language of a work French.
245 14 - TITLE STATEMENT
Title THE LITTLE PRINCE /
Statement of responsibility, etc. ANTOINE DE SAINT-EXUPERY ; RETOLD BY FIONA MACKENZIE ; ILLUSTRATED BY ANTOINE DE SAINT-EXUPERY ; SERIES EDITOR : SORREL PITTS.
264 #1 - PRODUCTION, PUBLICATION, DISTRIBUTION, MANUFACTURE, AND COPYRIGHT NOTICE
Place of production, publication, distribution, manufacture London :
Name of producer, publisher, distributor, manufacturer Penguin Books,
Date of production, publication, distribution, manufacture, or copyright notice 2020.
Date of production, publication, distribution, manufacture, or copyright notice ©2020.
300 ## - PHYSICAL DESCRIPTION
Extent 64 pages ;
Other physical details 20 cm
336 ## - CONTENT TYPE
Content type term text
Source rdacontent
Content type term still image
Source rdacontent
337 ## - MEDIA TYPE
Media type term unmediated
Source rdamedia
338 ## - CARRIER TYPE
Carrier type term volume
Source rdacarrier
490 1# - SERIES STATEMENT
Series statement Penguin readers.
Volume/sequential designation L2
500 ## - GENERAL NOTE
General note L2, A1+ : Word count 3,000 - 5,000, Headword 700.
520 ## - SUMMARY, ETC.
Summary, etc. "The story of three very different families who live close together in London in the 1980s and 1990s. The Bowdens are part-Jamaican, the Iqbals are from Bangladesh, and the Chalfens are white. Written for learners of English as a foreign language."
Assigning source provided by publisher.
650 10 - SUBJECT ADDED ENTRY--TOPICAL TERM
Topical term or geographic name entry element Princes
Form subdivision Fiction.
Topical term or geographic name entry element Jamaicans
Geographic subdivision England
Form subdivision Fiction.
Topical term or geographic name entry element Ethnic relations
Form subdivision Fiction.
Topical term or geographic name entry element Male friendship
Form subdivision Fiction.
700 1# - ADDED ENTRY--PERSONAL NAME
Personal name Mackenzie, Fiona.
Relator term author.
Personal name Pitts, Sorrel,
Relator term series editor.
Relationship information Based on (work)
Personal name Saint-Exupéry, Antoine de,
Title of a work Le Petit Prince
830 #0 - SERIES ADDED ENTRY--UNIFORM TITLE
Uniform title Penguin readers.
Volume/sequential designation L2
942 ## - ADDED ENTRY ELEMENTS (KOHA)
Source of classification or shelving scheme Dewey Decimal Classification
Koha item type Book
Holdings
Withdrawn Not for loan Current library Shelving location Date acquired Full call number Barcode Date last seen Koha item type Total Checkouts Date last checked out Total Renewals
    Perpustakaan Alor Setar Pinjaman Kanak-kanak 15/09/2021 K 843.912 SAI A01697026 15/09/2021 Book      
    Perpustakaan Awam Sungai Petani Pinjaman Kanak-kanak 15/09/2021 K 843.912 SAI A01697027 18/06/2025 Book 2 28/05/2025  
    Perpustakaan Baling Pinjaman Kanak-kanak 15/09/2021 K 843.912 SAI A01697030 28/12/2024 Book 3 04/12/2024 1
    Perpustakaan Jitra Pinjaman Kanak-kanak 15/09/2021 K 843.912 SAI A01697028 15/09/2021 Book      
    Perpustakaan Kulim Pinjaman Kanak-kanak 15/09/2021 K 843.912 SAI A01697029 16/04/2022 Book 1 12/03/2022 1
    Perpustakaan Merbok Pinjaman Kanak-kanak 15/09/2021 K 843.912 SAI A01697031 15/09/2021 Book